Public Financial Administration (Record no. 2874)

MARC details
000 -LEADER
fixed length control field 00331nam a22001337a 4500
008 - FIXED-LENGTH DATA ELEMENTS--GENERAL INFORMATION
fixed length control field 250404b |||||||| |||| 00| 0 eng d
020 ## - INTERNATIONAL STANDARD BOOK NUMBER
ISBN 817629389
100 ## - MAIN ENTRY--AUTHOR
Author GOEL S.L.
245 ## - TITLE STATEMENT
Title Public Financial Administration
260 ## - PUBLICATION, DISTRIBUTION, ETC. (IMPRINT)
Place of publication India
Name of publisher Deep Publications Ltd.
Date of publication 2008
300 ## - COLLATION
Pagination xix, 645p.
942 ## - ADDED ENTRY ELEMENTS (KOHA)
Item type Books
050 ## - LIBRARY OF CONGRESS CALL NUMBER
Classification number HJ65
Item number .G64
Holdings
Source of classification or shelving scheme Not for loan Permanent location Current location Date acquired Accession No. Full call number Barcode. Koha item type
Library of Congress Classification   Samuel Ogbemudia Main Library, University of Abuja Samuel Ogbemudia Main Library, University of Abuja 04/04/2025 2014/44052 HJ65.G64 2025-1211 Books